<?xml version="1.0" encoding="UTF-8"?>
<record
    xmlns:xsi="http://www.w3.org/2001/XMLSchema-instance"
    xsi:schemaLocation="http://www.loc.gov/MARC21/slim http://www.loc.gov/standards/marcxml/schema/MARC21slim.xsd"
    xmlns="http://www.loc.gov/MARC21/slim">

  <leader>01061nam0a22002651  4500</leader>
  <controlfield tag="001">RU\NLR\A1SV\91868</controlfield>
  <controlfield tag="005">20251203171251.9</controlfield>
  <datafield tag="035" ind1=" " ind2=" ">
    <subfield code="a">(NLR Aleph) 009773220</subfield>
  </datafield>
  <datafield tag="090" ind1=" " ind2=" ">
    <subfield code="a">10064309</subfield>
    <subfield code="c">10064309</subfield>
  </datafield>
  <datafield tag="100" ind1=" " ind2=" ">
    <subfield code="a">20090115d1920    u  y0rusy50      ca</subfield>
  </datafield>
  <datafield tag="101" ind1="0" ind2=" ">
    <subfield code="a">rus</subfield>
  </datafield>
  <datafield tag="102" ind1=" " ind2=" ">
    <subfield code="a">RU</subfield>
  </datafield>
  <datafield tag="200" ind1="1" ind2=" ">
    <subfield code="a">&#x423;&#x447;&#x435;&#x431;&#x43D;&#x438;&#x43A; &#x434;&#x43B;&#x44F; &#x43E;&#x43A;&#x440;&#x443;&#x436;&#x43D;&#x44B;&#x445; &#x432;&#x43E;&#x435;&#x43D;&#x43D;&#x43E;-&#x445;&#x43E;&#x437;&#x44F;&#x439;&#x441;&#x442;&#x432;&#x435;&#x43D;&#x43D;&#x44B;&#x445; &#x43A;&#x443;&#x440;&#x441;&#x43E;&#x432; &#x43F;&#x43E; &#x445;&#x43B;&#x435;&#x431;&#x43E;&#x43F;&#x435;&#x447;&#x435;&#x43D;&#x438;&#x44E;, &#x441;&#x443;&#x445;&#x430;&#x440;&#x43D;&#x43E;&#x43C;&#x443; &#x438; &#x433;&#x430;&#x43B;&#x435;&#x442;&#x43D;&#x43E;&#x43C;&#x443; &#x43F;&#x440;&#x43E;&#x438;&#x437;&#x432;&#x43E;&#x434;&#x441;&#x442;&#x432;&#x430;&#x43C;</subfield>
    <subfield code="f">&#x421;&#x43E;&#x441;&#x442;. &#x437;&#x430;&#x432;. &#x41C;&#x43E;&#x441;&#x43A;. &#x43E;&#x43A;&#x440;. &#x432;&#x43E;&#x435;&#x43D;.-&#x445;&#x43E;&#x437;. &#x43A;&#x443;&#x440;&#x441;&#x430;&#x43C;&#x438; &#x432;&#x43E;&#x439;&#x441;&#x43A;. &#x438;&#x43D;&#x436;. &#x412;.&#x41C;&#x438;&#x43A;&#x438;&#x43D;&#x438;</subfield>
    <subfield code="g">&#x413;&#x43B;&#x430;&#x432;. &#x443;&#x43F;&#x440;. &#x432;&#x43E;&#x435;&#x43D;.-&#x443;&#x447;&#x435;&#x431;. &#x437;&#x430;&#x432;&#x435;&#x434;&#x435;&#x43D;&#x438;&#x439;</subfield>
  </datafield>
  <datafield tag="210" ind1=" " ind2=" ">
    <subfield code="a">&#x41C;.</subfield>
    <subfield code="c">&#x41B;&#x438;&#x442;.-&#x438;&#x437;&#x434;. &#x43E;&#x442;&#x434;. &#x41F;&#x43E;&#x43B;&#x438;&#x442;&#x443;&#x43F;&#x440;. &#x420;&#x435;&#x432;&#x432;&#x43E;&#x435;&#x43D;&#x441;&#x43E;&#x432;. &#x420;&#x435;&#x441;&#x43F;.</subfield>
    <subfield code="d">1920</subfield>
  </datafield>
  <datafield tag="215" ind1=" " ind2=" ">
    <subfield code="a">62, [2] &#x441;.</subfield>
    <subfield code="c">&#x438;&#x43B;.</subfield>
    <subfield code="d">26 &#x441;&#x43C;</subfield>
  </datafield>
  <datafield tag="620" ind1=" " ind2=" ">
    <subfield code="d">&#x41C;&#x43E;&#x441;&#x43A;&#x432;&#x430;</subfield>
  </datafield>
  <datafield tag="700" ind1=" " ind2="1">
    <subfield code="a">&#x41C;&#x438;&#x43A;&#x438;&#x43D;&#x438;</subfield>
    <subfield code="b">&#x412;.&#x41A;.</subfield>
    <subfield code="g">&#x412;&#x438;&#x43A;&#x442;&#x43E;&#x440; &#x41A;&#x430;&#x440;&#x43B;&#x43E;&#x432;&#x438;&#x447;</subfield>
  </datafield>
  <datafield tag="801" ind1=" " ind2="0">
    <subfield code="a">RU</subfield>
    <subfield code="b">NLR</subfield>
    <subfield code="c">20090115</subfield>
  </datafield>
  <datafield tag="852" ind1=" " ind2=" ">
    <subfield code="a">NLR</subfield>
    <subfield code="j">37.59.1.260</subfield>
  </datafield>
  <datafield tag="899" ind1=" " ind2=" ">
    <subfield code="a">&#x420;&#x413;&#x411;</subfield>
  </datafield>
  <datafield tag="899" ind1=" " ind2=" ">
    <subfield code="a">&#x420;&#x41A;&#x41F;</subfield>
  </datafield>
  <datafield tag="942" ind1=" " ind2=" ">
    <subfield code="c">BOOK</subfield>
  </datafield>
  <datafield tag="980" ind1=" " ind2=" ">
    <subfield code="a">NB</subfield>
  </datafield>
  <datafield tag="980" ind1=" " ind2=" ">
    <subfield code="a">A1SV</subfield>
  </datafield>
  <datafield tag="995" ind1=" " ind2=" ">
    <subfield code="5">2016-05-13</subfield>
    <subfield code="b">NLR02</subfield>
    <subfield code="c">NLR02</subfield>
    <subfield code="e">RFS</subfield>
    <subfield code="f">9773220-10</subfield>
    <subfield code="k">37.59.1.260</subfield>
    <subfield code="o">0</subfield>
    <subfield code="r">BOOK</subfield>
    <subfield code="s">37591260_</subfield>
  </datafield>
</record>
